ALTERNATIVE DISPUTE RESOLUTION NEGOTIATION AND MEDIATION (Record no. 195503)

MARC details
000 -LEADER
fixed length control field 00357nam a2200145Ia 4500
008 - FIXED-LENGTH DATA ELEMENTS--GENERAL INFORMATION
fixed length control field 220923s9999 xx 000 0 und d
020 ## - INTERNATIONAL STANDARD BOOK NUMBER
International Standard Book Number 9788180361157
082 ## - DEWEY DECIMAL CLASSIFICATION NUMBER
Item number SRI
100 ## - MAIN ENTRY--PERSONAL NAME
Personal name SRIDHAR, MODABHUSHI
245 #0 - TITLE STATEMENT
Title ALTERNATIVE DISPUTE RESOLUTION NEGOTIATION AND MEDIATION
260 ## - PUBLICATION, DISTRIBUTION, ETC.
Date of publication, distribution, etc. 2013
300 ## - PHYSICAL DESCRIPTION
Extent 404
650 ## - SUBJECT ADDED ENTRY--TOPICAL TERM
Topical term or geographic name entry element Dispute Law
942 ## - ADDED ENTRY ELEMENTS (KOHA)
Koha item type Book
Holdings
Withdrawn status Lost status Damaged status Not for loan Home library Current library Shelving location Date acquired Cost, normal purchase price Barcode Date last seen Price effective from Koha item type Public note
        Mewar University Central Library Mewar University Central Library Law 08/05/2017 395.00 L4065 23/09/2022 08/05/2017 Book 3-6